000 00328nam a22001331a 4500
999 _c167747
_d167747
082 _aM 183
_bVAC/Y
100 _aVachaspati Gourala
245 _aBharateeya darsan/
_cby Vachaspati Gourala.
260 _b Allahabad:
_cLokbharath,
_a
300 _a
650 _aPhilosophy India
650 _aPhilosophy Greek
942 _cBK